000 00237 a2200097 4500
001 41815
100 _aHarriman P L
245 _aThe New Dictionary of Psychology
260 _aNew York
_bPhilosophical Library
_c
090 _c25925
_d25925
942 _aNUST-CAE
_cM
_c17697
999 _c276888
_d276888